| 000 | 01174nam a2200337 i 4500 | ||
|---|---|---|---|
| 001 | bg | ||
| 003 | BPK | ||
| 005 | 20200630132831.0 | ||
| 008 | 001124s1979 pl a f f |000 0 pol | ||
| 015 | _aPB 1979/6144 | ||
| 020 | _a8301000139 | ||
| 020 | _a8301000155 | ||
| 040 |
_aWA N _cBPK |
||
| 041 | 0 | _apol | |
| 080 | _a621.3 | ||
| 080 | _a537.6/.8 | ||
| 080 | _a(075.8) | ||
| 100 | 1 |
_aKrakowski, Maciej _d(1924-2004). |
|
| 245 | 1 | 0 |
_aElektrotechnika teoretyczna. _nT. 2, _pPole elektromagnetyczne / _cMaciej Krakowski. |
| 246 | 3 | 0 | _aPole elektromagnetyczne |
| 260 |
_aWarszawa ; _aPoznań : _bPaństwowe Wydaw. Naukowe, _c1979. |
||
| 300 |
_a254, [2] s. : _bil. ; _c24 cm. |
||
| 504 | _aBibliogr. | ||
| 521 | 8 | _aSkrypt dla studentów wyższych szkół technicznych i wyższych zaowodowych studiów technicznych na kierunku Elektrotechnika. | |
| 655 | 4 | _aPodręczniki akademickie | |
| 650 | 4 | _aObwód elektryczny | |
| 650 | 4 | _aPole elektromagnetyczne | |
| 710 | 1 |
_aPaństwowe Wydawnictwo Naukowe _4pbl. |
|
| 856 |
_uhttp://koha.tu.koszalin.pl/cgi-bin/koha/opac-detail.pl?biblionumber=31938 _yKatalog online BPK |
||
| 942 |
_2UKD _cKS |
||
| 999 |
_c31938 _d31938 |
||